[Event "Voronezh op-A"]
[Site "Voronezh"]
[Date "2006.06.21"]
[Round "9"]
[White "Nikuljshin, Konstantin"]
[Black "Magrifin, Iljanur"]
[Result "1-0"]
[WhiteElo "2331"]
[BlackElo "2151"]
[PlyCount "120"]
[EventDate "2006.06.12"]
[EventType "swiss"]
[EventRounds "9"]
[EventCountry "RUS"]
[SourceTitle "CBM 112 Extra"]
[Source "ChessBase"]
[SourceDate "2006.07.14"]
[SourceVersion "1"]
[SourceVersionDate "2006.07.14"]
[SourceQuality "1"]

1. d4 Nf6 2. Nf3 e6 3. c4 c5 4. e3 b6 5. Nc3 Bb7 6. Be2 cxd4 7. exd4 d5 8. 0-0 dxc4 9. Bxc4 Be7 10. Bb5+ Nbd7 11. Ne5 0-0 12. Nc6 Qe8 13. d5 exd5 14. Re1 Bxc6 15. Bxc6 Rc8 16. Nxd5 Nxd5 17. Bxd5 Qd8 18. Bf4 Bf6 19. Bd6 Bxb2 20. Bxf8 Qxf8 21. Rb1 Ba3 22. Qa4 Nf6 23. Bf3 Rc7 24. Rb3 Bc5 25. Rd3 a5 26. Red1 Rc8 27. g3 Qe7 28. Kg2 g6 29. R1d2 Qe5 30. Qb3 Rf8 31. Re2 Qf5 32. h3 Ne8 33. Bg4 Qf6 34. Rd7 Ng7 35. Qf3 Qa1 36. Qd5 h5 37. Bf3 Qf6 38. Re4 Qb2 39. Re2 Qf6 40. Qc6 Qxc6 41. Bxc6 Nf5 42. Bd5 a4 43. Rd2 Nd6 44. Rd3 a3 45. Kf3 Kg7 46. g4 hxg4+ 47. hxg4 Kf6 48. Kg3 g5 49. Bb3 Ne4+ 50. Kg2 Kg7 51. f3 Nf6 52. Ra7 Kg6 53. Rd2 Kg7 54. Re2 Bd6 55. Rb7 Rh8 56. Re3 Rh2+ 57. Kg1 Rb2 58. Rd3 Rb1+ 59. Kf2 Bc5+ 60. Kg2 Rb2+ 1-0

[Event "Voronezh op-A"]
[Site "Voronezh"]
[Date "2006.06.16"]
[Round "5"]
[White "Nikuljshin, Konstantin"]
[Black "Svinarenko, Pavel"]
[Result "0-1"]
[WhiteElo "2331"]
[BlackElo "2189"]
[PlyCount "121"]
[EventDate "2006.06.12"]
[EventType "swiss"]
[EventRounds "9"]
[EventCountry "RUS"]
[SourceTitle "CBM 112 Extra"]
[Source "ChessBase"]
[SourceDate "2006.07.14"]
[SourceVersion "1"]
[SourceVersionDate "2006.07.14"]
[SourceQuality "1"]

1. d4 d5 2. c4 c6 3. Nf3 Nf6 4. Nc3 e6 5. g3 Be7 6. Bg2 0-0 7. 0-0 b6 8. Qb3 Bb7 9. Rd1 c5 10. dxc5 dxc4 11. Qxc4 Qc8 12. b4 bxc5 13. b5 a6 14. Ne5 Bxg2 15. Kxg2 Nfd7 16. Qe4 Ra7 17. Nc4 axb5 18. Nxb5 Ra4 19. Nc3 Nf6 20. Qd3 Rb4 21. Ne5 Rd8 22. Qf3 Rxd1 23. Nxd1 Qa6 24. Bd2 Re4 25. Nd3 Nc6 26. Be3 Nd4 27. Bxd4 Rxd4 28. Nc3 h6 29. Rb1 Bd6 30. Qb7 Qxb7+ 31. Rxb7 Ne4 32. Nb5 Rd5 33. f3 Nd2 34. Nxd6 Rxd6 35. Nxc5 Nc4 36. Kf2 Rc6 37. Nd3 Ra6 38. Rb4 Na3 39. Rb8+ Kh7 40. Nb4 Ra4 41. Nd3 Ra5 42. Rc8 Nb1 43. Rc1 Na3 44. Rc5 Ra4 45. Nc1 Kg6 46. Ke3 Rb4 47. Kd3 Rb1 48. Kd2 Kf6 49. Rc3 Rb2+ 50. Kd3 Rb1 51. Rc5 Ra1 52. h4 Rb1 53. Kd2 Rb2+ 54. Kd1 Rb7 55. Nb3 g5 56. h5 g4 57. f4 Nb5 58. Nd2 Nd4 59. Ne4+ Kg7 60. Rc4 Rb1+ 61. Kd2 0-1

[Event "RUS-chT2"]
[Site "Bryansk"]
[Date "1995.??.??"]
[Round "1"]
[White "Nikuljshin, Konstantin"]
[Black "Obukhov, Alexander"]
[Result "1/2-1/2"]
[WhiteElo "2385"]
[BlackElo "2445"]
[PlyCount "87"]
[EventDate "1995.??.??"]
[EventType "team"]
[EventRounds "9"]
[EventCountry "RUS"]
[SourceTitle "EXT 1998"]
[Source "ChessBase"]
[SourceDate "1997.11.17"]
[SourceVersion "1"]
[SourceVersionDate "1997.11.17"]
[SourceQuality "1"]

1. d4 Nf6 2. c4 e6 3. Nf3 b6 4. Nc3 Bb4 5. Bg5 h6 6. Bh4 Bb7 7. e3 g5 8. Bg3 Ne4 9. Qc2 Bxc3+ 10. bxc3 Nxg3 11. hxg3 Qf6 12. Be2 d6 13. 0-0 h5 14. Nd2 h4 15. Bf3 Bxf3 16. Nxf3 Nd7 17. Qe4 Ke7 18. g4 h3 19. g3 c6 20. Nd2 Rac8 21. Kh2 Qg6 22. Qxg6 fxg6 23. a4 a5 24. Rab1 Rc7 25. Rfc1 d5 26. Re1 Rf8 27. Re2 dxc4 28. Nxc4 b5 29. axb5 cxb5 30. Nxa5 Nf6 31. Rxb5 Nxg4+ 32. Kxh3 Nxf2+ 33. Kg2 Ne4 34. Rb7 Rxb7 35. Nxb7 Nxc3 36. Rf2 Ra8 37. Nc5 Nd1 38. Re2 Ra3 39. Kf3 g4+ 40. Kf4 Nc3 41. Re1 Nd5+ 42. Kxg4 Rxe3 43. Rxe3 Nxe3+ 44. Kf4 1/2-1/2

[Event "RUS-chT 02nd"]
[Site "Kolontaevo"]
[Date "1994.??.??"]
[Round "1"]
[White "Belikov, Vladimir"]
[Black "Nikuljshin, Konstantin"]
[Result "1-0"]
[WhiteElo "2450"]
[BlackElo "2385"]
[PlyCount "53"]
[EventDate "1994.??.??"]
[EventType "team-tourn"]
[EventRounds "9"]
[EventCountry "RUS"]
[SourceTitle "EXT 2020"]
[Source "ChessBase"]
[SourceDate "2019.10.17"]
[SourceVersion "1"]
[SourceVersionDate "2019.10.17"]
[SourceQuality "1"]
[WhiteTeam "Moscow CSKA"]
[BlackTeam "Voronezh OShK"]
[WhiteTeamCountry "RUS"]
[BlackTeamCountry "RUS"]

1. e4 c5 2. Nf3 d6 3. Bb5+ Bd7 4. Bxd7+ Nxd7 5. 0-0 Ngf6 6. Qe2 e6 7. b3 Be7 8. Bb2 0-0 9. d4 cxd4 10. Nxd4 a6 11. c4 Re8 12. Nc3 Rc8 13. Kh1 Qb6 14. Rad1 Nc5 15. f4 Bf8 16. e5 Nfd7 17. exd6 Bxd6 18. a3 e5 19. Nf5 Bf8 20. b4 Ne6 21. Rxd7 Nd4 22. Nxd4 exd4 23. Nd5 Qc6 24. Ne7+ Bxe7 25. Rxe7 Rxe7 26. Qxe7 Qxc4 27. Re1 1-0

[Event "Budapest Spring op 09th"]
[Site "Budapest"]
[Date "1993.??.??"]
[Round "3"]
[White "Nikuljshin, Konstantin"]
[Black "Beszterczey, Laszlo"]
[Result "1-0"]
[WhiteElo "2415"]
[BlackElo "2240"]
[PlyCount "70"]
[EventDate "1993.03.??"]
[EventType "swiss"]
[EventRounds "9"]
[EventCountry "HUN"]
[SourceTitle "EXT 1998"]
[Source "ChessBase"]
[SourceDate "1997.11.17"]
[SourceVersion "1"]
[SourceVersionDate "1997.11.17"]
[SourceQuality "1"]

1. d4 g6 2. c4 Bg7 3. Nc3 d6 4. e4 Nc6 5. Be3 e5 6. d5 Nce7 7. f3 f5 8. Qd2 Nf6 9. Bd3 0-0 10. Nge2 c5 11. exf5 gxf5 12. Bg5 a6 13. 0-0 Bd7 14. Rab1 Kh8 15. b4 b6 16. bxc5 bxc5 17. Rb7 Rg8 18. Rfb1 Qe8 19. Ng3 Rd8 20. Ra7 Bc8 21. Bc2 Qf8 22. Nh5 Nxh5 23. Bxe7 Bh6 24. Qf2 Qg7 25. Bxd8 Qxa7 26. Qh4 Qg7 27. g3 Be3+ 28. Kh1 Qh6 29. Ne2 e4 30. Ba5 Re8 31. Bc3+ Kg8 32. Nf4 Bxf4 33. gxf4 e3 34. Rg1+ Kf7 35. Rg5 e2 1-0

[Event "Stare Mesto op"]
[Site "Stare Mesto"]
[Date "1992.??.??"]
[Round "?"]
[White "Dranov, Aleksandar"]
[Black "Nikuljshin, Konstantin"]
[Result "0-1"]
[WhiteElo "2310"]
[BlackElo "2395"]
[PlyCount "114"]
[EventDate "1992.??.??"]
[EventType "swiss"]
[EventRounds "9"]
[EventCountry "CSR"]
[SourceTitle "EXT 1997"]
[Source "ChessBase"]
[SourceDate "1996.11.15"]
[SourceVersion "1"]
[SourceVersionDate "1996.11.15"]
[SourceQuality "1"]

1. e4 c5 2. Nf3 e6 3. d4 cxd4 4. Nxd4 a6 5. Bd3 Nf6 6. 0-0 Qc7 7. c4 b6 8. b3 Bb7 9. Qe2 d6 10. Bb2 Nbd7 11. Nc3 g6 12. Rac1 Bg7 13. Rfd1 0-0 14. Bb1 Bh6 15. Rc2 Nc5 16. Bc1 Bg7 17. Rcd2 Rfe8 18. f3 d5 19. exd5 exd5 20. Qf1 dxc4 21. bxc4 Rad8 22. Nb3 Ng4 23. fxg4 Bxc3 24. Rxd8 Rxd8 25. Rxd8+ Qxd8 26. Be3 Qe7 27. Bf2 Nd7 28. Qd3 Bf6 29. Qe3 Qd6 30. Bd3 Ne5 31. Be2 Qc6 32. Bf1 Nxc4 33. Qf4 b5 34. Nc5 Ba8 35. Qb8+ Kg7 36. Qa7 a5 37. Nb3 Qd5 38. Bd4 a4 39. g5 Be5 40. Bxe5+ Nxe5 41. Nd4 Nc6 42. Nxc6 Bxc6 43. Qb6 a3 44. Qe3 b4 45. h4 Qe4 46. Qb6 h6 47. Qc5 Bd5 48. Qf2 hxg5 49. hxg5 Qe5 50. Qc5 Qe4 51. Qf2 Be6 52. Qd2 Kh7 53. Bd3 Qd4+ 54. Kh1 Qc3 55. Qd1 Bxa2 56. Qh5+ Kg8 57. Bxg6 Qh8 0-1

[Event "Stare Mesto op"]
[Site "Stare Mesto"]
[Date "1992.??.??"]
[Round "?"]
[White "Nikuljshin, Konstantin"]
[Black "Hudecek, Jan"]
[Result "1-0"]
[WhiteElo "2395"]
[BlackElo "2305"]
[PlyCount "71"]
[EventDate "1992.??.??"]
[EventType "swiss"]
[EventRounds "9"]
[EventCountry "CSR"]
[SourceTitle "EXT 1997"]
[Source "ChessBase"]
[SourceDate "1996.11.15"]
[SourceVersion "1"]
[SourceVersionDate "1996.11.15"]
[SourceQuality "1"]

1. d4 Nf6 2. c4 c5 3. d5 b5 4. cxb5 a6 5. bxa6 g6 6. Nc3 Bxa6 7. Nf3 d6 8. e4 Bxf1 9. Kxf1 Nbd7 10. h3 Bg7 11. Kg1 0-0 12. Kh2 Qa5 13. Re1 Rfb8 14. Re2 Rb4 15. a3 Rb7 16. Rc2 Qa6 17. Rb1 Rab8 18. Bg5 h6 19. Bxf6 Bxf6 20. Qd2 Rb3 21. Re1 Kg7 22. Re2 Qa5 23. Re3 Ne5 24. Nxe5 Bxe5+ 25. g3 R8b7 26. Kg2 Bd4 27. Rf3 f6 28. Qe2 R3b6 29. h4 Qa6 30. Qd2 Qa8 31. h5 g5 32. Rd3 Qe8 33. Qe2 Rb3 34. Rdd2 Qb8 35. Nd1 Qc8 36. Rxd4 1-0

[Event "Smolensk Alekhine op-A"]
[Site "Smolensk"]
[Date "1992.??.??"]
[Round "8"]
[White "Nikuljshin, Konstantin"]
[Black "Voitsekhovsky, Stanislav"]
[Result "1/2-1/2"]
[WhiteElo "2395"]
[BlackElo "2370"]
[PlyCount "76"]
[EventDate "1992.??.??"]
[EventType "swiss"]
[EventRounds "9"]
[EventCountry "RUS"]
[SourceTitle "EXT 1997"]
[Source "ChessBase"]
[SourceDate "1996.11.15"]
[SourceVersion "1"]
[SourceVersionDate "1996.11.15"]
[SourceQuality "1"]

1. d4 d5 2. c4 c6 3. Nf3 e6 4. Nc3 f5 5. Bf4 Nf6 6. e3 Be7 7. Bd3 0-0 8. Qc2 Na6 9. a3 dxc4 10. Bxc4 b5 11. Bb3 b4 12. axb4 Nxb4 13. Qxf5 Nfd5 14. Qe4 Nxf4 15. exf4 Rxf4 16. Qe3 Rf6 17. Ne4 Rh6 18. 0-0 Nd5 19. Qd2 Qb6 20. Bc4 Bb4 21. Qc2 Bb7 22. Rfc1 Rf8 23. Bf1 a5 24. Qd1 c5 25. Nxc5 Bxc5 26. Rxc5 Nf4 27. Ne5 Qxb2 28. Rc2 Qb4 29. Qd2 Qe7 30. Qe3 Rh5 31. g3 Qg5 32. Nc6 Qh6 33. gxf4 Qg6+ 34. Bg2 Qxc2 35. Qxe6+ Kh8 36. Qe7 Qf5 37. Qxb7 Qxf4 38. Qe7 Qxf2+ 1/2-1/2

[Event "Smolensk Alekhine op-A"]
[Site "Smolensk"]
[Date "1992.??.??"]
[Round "6"]
[White "Nikuljshin, Konstantin"]
[Black "Yandemirov, Valeri"]
[Result "0-1"]
[WhiteElo "2395"]
[BlackElo "2430"]
[PlyCount "52"]
[EventDate "1992.??.??"]
[EventType "swiss"]
[EventRounds "9"]
[EventCountry "RUS"]
[SourceTitle "EXT 1997"]
[Source "ChessBase"]
[SourceDate "1996.11.15"]
[SourceVersion "1"]
[SourceVersionDate "1996.11.15"]
[SourceQuality "1"]

1. Nf3 Nf6 2. c4 g6 3. g3 Bg7 4. Bg2 0-0 5. 0-0 c6 6. d4 d5 7. cxd5 cxd5 8. Nc3 Ne4 9. Nxe4 dxe4 10. Ne5 Qd5 11. b3 Nd7 12. Bb2 Nf6 13. Rc1 Bf5 14. Rc5 Qe6 15. Qc1 Qa6 16. Nc4 Qxa2 17. Qc3 Qa6 18. Ra1 Qe6 19. f3 exf3 20. exf3 Nd5 21. Qd2 b6 22. Re1 Qd7 23. Ne5 Bxe5 24. Rxd5 Qxd5 25. f4 Qxb3 26. Bxa8 Bd6 0-1